Jessie Characters - Statistics

General Stats
  • This quiz has been taken 457 times
  • The average score is 7 of 10
Answer Stats
Hint Answer % Correct
Nanny Jessie
99%
Break dancing kid Luke
95%
Indian Boy Ravi
93%
Young girl Zuri
93%
Doorman Tony
77%
Mom Christina
68%
Dad Morgan
61%
Mean Nanny Agatha
49%
Downstairs Neighbor (mean) Chesterfield
42%
Butler Burtram
38%
No matching quizzes found
Score Distribution
Percent of People with Each Score
Percentile by Number Answered
Your Score History
You have not taken this quiz